1059 1139 1032 1776 1177 1340 1196 1848 1807 1479 1853 1641 1548 1353 1973 1937 1204 1782 1315 1939 1764 1405 1284 1331 1916 1108 1707 1580 1328 1528 1150 1333 1540 1592 1672 1347 1811 1395 1005 1184 1536 1690 1041 1499 1203 1671 1491 1708 1118 1887 1831 1226 1986 1735 1348 1913 1212 1128 1872 1623 1654 1428 1298 1176 1435 1207 1297 1907 1054 1273 1561 1287 1788 1026 1041 1733 1944 1840 1296 1658 1079 1998 1298 1659 1547 1756 1118 1882 1458 1565 1558 1195 1458 1744 1051 1487 1267 1508 1389 BCNSPRNW ULIB Ver.6.0+V

เปลี่ยนเป็นภาษาไทย

Change to English
 แสดงรายละเอียดบรรณานุกรม
  กลับหน้าหลัก

Brief Record : Get Marc (ISO 2709) : E-mail record : QR code < ปิดหน้าต่าง
LEADER : 00000nam 2200000uu 4500
001    13399124508
003     ULIB
008    150817s2556 th a 000 0 tha d
020    9789749804279
020    9789749804278
090    นว.^bล158ป ล.8
100    ล่อร่า อิงกัลล์ส์ ไวล์เดอร์;^eผู้แต่ง
245    ปีทองอันแสนสุข/^cล่อร่า อิงกัลล์ส์ ไวล์เดอร์. ; เขียน ,สุคนธรส. ; แปล
250    พิมพ์ครั้งที่ 9
260    กรุงเทพฯ :^bแพรวเยาวชน,^c2556
300    322 หน้า;^b18.5 ซม.
500    หนังสือชุดบ้านเล็ก
700    สุคนธรส ;^eแปล
945    ^p235^l0^i039779
999    ^aทศพร
รายการนี้ยังไม่มีแท็ก
คุณยังไม่ได้ล็อกอิน คุณสามารถมีกิจกรรมร่วมกับเว็บไซต์ได้ แต่ต้องล็อกอินก่อน ::
  ล็อกอิน

รายการสื่อสารสนเทศ

ลำดับที่ ประเภท เลขเรียก/บาร์โค้ด สถานที่ สถานะ
1. นวนิยาย
นวนิยาย
นว. ล158ป ล.8 ฉ.1 
  Barcode: 039779
ห้องสมุดวิทยาเขตสวรรค์ประชารักษ์
►นวนิยาย
บนชั้น
  ขอยืม

BibComment


ยังไม่เคยถูกคอมเมนท์

คอมเมนท์ทรัพยากรรายการนี้
  คอมเมนท์: ปีทองอันแสนสุข ล่..


 Copyright 2026. Bcnsprnw @Library